00654 2200205 4500001002100000005001500021035002000036007000300056008004100059020002200100082000800122084001400130245015300144250001100297260004000308300004600348650001800394110002000412990001600432INLIS00000000000048020221108075841 a0010-1122000074ta221108 b 1 ind  a978-602-252-911-8 a813 a813 TIM c1 aCerita Rakyat Nusantara 4 :bTimun Mas; Malin Kundang; Putri Tandampalik; Cinderlaras; Lutung Kasarung; Pesan untuk Sang Saudagar /cTim Penulis EFK aCet. I aJakarta :bErlangga For Kids,c2018 a71 halaman :bilustrasi berwarna ;c23 cm 4aCerita Rakyat0 aTim Penulis EFK a00000000614